Statistics for Efternavne i DK (2020)

Click here to take the quiz!

General Stats

  • This quiz has been taken 1.411 times
  • The average score is 10 of 20

Answer Stats

Nr.NavnAntal% Correct
2Jensen240.669
89%
3Hansen202.745
85%
1Nielsen242.654
79%
11Petersen74.596
67%
5Andersen152.748
61%
7Larsen110.029
60%
4Pedersen153.601
58%
8Sørensen105.034
58%
6Christensen113.855
56%
14Olsen45.529
52%
13Kristensen58.581
50%
9Rasmussen90.211
49%
10Jørgensen84.036
46%
12Madsen61.766
43%
16Christiansen35.564
41%
17Poulsen30.985
38%
19Møller29.701
32%
20Mortensen28.486
31%
15Thomsen38.583
31%
18Johansen30.239
19%

Score Distribution

Percentile by Number Answered

Percent of People with Each Score

Your Score History

You have not taken this quiz